Evaluation de l'efficacité d'une imprégnation réalisée au K-O Tab 1-2-3R sur divers types de moustiquaires soumises aux pratiques communautaires de lavage au Bénin (Record no. 46745)

MARC details
000 -LEADER
fixed length control field 00714nam a22001937a 4500
003 - CONTROL NUMBER IDENTIFIER
control field 0
005 - DATE AND TIME OF LATEST TRANSACTION
control field 20160609165301.0
008 - FIXED-LENGTH DATA ELEMENTS--GENERAL INFORMATION
fixed length control field 100118t xxu||||| |||| 00| 0 eng d
037 ## - SOURCE OF ACQUISITION
Stock number M15465
Source of stock number/acquisition BIBLIO
040 ## - SOURCE DU CATALOGAGE
Original cataloging agency UAC
Language of cataloging F
Transcribing agency EPAC
082 ## - DEWEY DECIMAL CLASSIFICATION NUMBER
Classification number 27.ABM/ADE
100 ## - VEDETTE PRINCIPALE - NOM DE PERSONNE
Personal name Dorcasse ADETONAN Roseline ATTOLOU & Renaud GOVOETCHAN
9 (RLIN) 2880
245 ## - TITLE STATEMENT
Title Evaluation de l'efficacité d'une imprégnation réalisée au K-O Tab 1-2-3R sur divers types de moustiquaires soumises aux pratiques communautaires de lavage au Bénin
260 ## - PUBLICATION, DISTRIBUTION, ETC. (IMPRINT)
Place of publication, distribution, etc EPAC
Name of publisher, distributor, etc BIBLIO
Date of publication, distribution, etc 2007-2008
300 ## - PHYSICAL DESCRIPTION
Extent I-83p
Dimensions 29cm
500 ## - GENERAL NOTE
General note Mem Ecole Polytechnique d'Abomey Calavi<br/>2008
650 ## - SUBJECT ADDED ENTRY--TOPICAL TERM
Topical term or geographic name as entry element EFFICACITE IMPREGNATION MOUSTIQUAIRE
9 (RLIN) 2881
942 ## - ADDED ENTRY ELEMENTS (KOHA)
Koha item type Thèse et Memoire
Holdings
Withdrawn status Lost status Damaged status Not for loan Location (home branch) Sublocation or collection (holding branch) Date acquired Source of acquisition Koha issues (times borrowed) Koha full call number Piece designation (barcode) Koha date last seen Copy number Price effective from Koha item type
        Bibliothèque Ecole Polytechnique d'Abomey-Calavi Bibliothèque Ecole Polytechnique d'Abomey-Calavi 09/12/2010 Dépot légal   27./ABM/ADE M16199EPAC 09/12/2010 1 09/12/2010 Thèse et Memoire
        Bibliothèque Ecole Polytechnique d'Abomey-Calavi Bibliothèque Ecole Polytechnique d'Abomey-Calavi 10/12/2010 Dépot légal   27./ABM/ADE M16235EPAC 10/12/2010 2 10/12/2010 Thèse et Memoire
        Bibliothèque Ecole Polytechnique d'Abomey-Calavi Bibliothèque Ecole Polytechnique d'Abomey-Calavi 13/12/2010 Dépot légal   27./ABM/ADE M16256EPAC 13/12/2010 3 13/12/2010 Thèse et Memoire


© 2008, Bibliothèques de l'Université d'Abomey-Calavi

04 BP 789 Cotonou, Tél. : +229 21 36 01 01, Fax : +229 21 35 06 32

Courriel : bu@bu.uac.bj